000 00533nam a22001937a 4500
003 KOHA_MİRAKIL
005 20260330091408.0
008 260330b tu ||||| |||| 00| 0 tur d
020 _a9786052318003
040 _aTR-AnABB
_btur
_cTR-AnABB
041 _atur
082 _a813.42
_bDEM 2017
100 1 _aDemirtaş, Selahattin
245 1 0 _aSeher /
_cSelahattin Demirtaş
260 _aAnkara :
_bDipnot Yayınları,
_c2017
300 _a140 sayfa ;
_c18 cm
650 0 4 _aTürk edebiyatı, roman
942 _2ddc
_cBK
999 _c10057
_d10057
900 _bCan ÇELIK